Les clubs victimes de Thierry Henry en Ligue des Champions - Statistiques

Statistiques générales
  • Ce quiz a été pris 328 fois
    24 depuis la dernière actualisation
  • Le résultat moyen est 17 sur 24
Statistiques - réponses
Pays Club % Correct
Allemagne Bayern Munich 1
100%
Espagne Real Madrid 3
100%
Allemagne Borussia Dortmund 1
95%
Portugal FC Porto 1
95%
Italie Inter Milan 2
95%
France Olympique Lyonnais 5
95%
Italie AS Rome 3
90%
Italie Juventus Turin 3
90%
Pays-Bas PSV Eindhoven 3
90%
Espagne Valence 2
90%
Allemagne Bayer Leverkusen 4
86%
Écosse Celtic Glasgow 1
86%
Portugal Sporting Portugal 3
86%
Écosse Rangers Glasgow 1
81%
Tchéquie Sparta Prague 3
71%
Ukraine Dynamo Kiev 1
62%
Allemagne Schalke 04 2
57%
Russie Spartak Moscou 1
48%
Grèce Panathinaïkos 4
43%
Norvège Rosenborg 1
38%
Espagne Celta Vigo 2
29%
Suède AIK 1
14%
Espagne Majorque 1
14%
Belgique Lierse SK 1
5%
Aucun quiz correspondant
Distribution des résultats
% des personnes avec chaque résultat
Percentile par nombre de réponses
Votre historique - résultats
Vous n’avez pas pris ce quiz depuis la dernière actualisation